[Event "XIV. DBMM Schach"]
[Site "Dresden"]
[Date "2014.11.21"]
[Round "3.4"]
[White "Obermeier, Karlheinz"]
[Black "Brauer, Frank"]
[Result "1/2-1/2"]
[WhiteElo "1553"]
[BlackElo "1883"]
[Annotator "fb"]
[PlyCount "83"]
[EventDate "2014.??.??"]
[EventType "team-swiss"]
[EventRounds "7"]
[EventCountry "GER"]
[Source "FV Schach e.V."]
[SourceDate "2015.07.06"]
[WhiteTeam "ADAC Muenchen"]
[BlackTeam "BSG Commerzbank Frankfurt"]
[WhiteTeamCountry "GER"]
[BlackTeamCountry "GER"]

1. e4 e5 2. Nf3 Nc6 3. d4 exd4 4. Nxd4 Bc5 5. Nf3 d6 6. Nc3 Bg4 7. Be2 Nge7 8.
O-O O-O 9. Bg5 h6 10. Bh4 Qd7 11. h3 Be6 12. Nd5 Ng6 13. Bg3 Nce5 14. Nd4 c6
15. Nc3 Ne7 16. Nxe6 Qxe6 17. a3 Rad8 18. Na4 f5 19. exf5 Nxf5 20. Nxc5 dxc5
21. Qe1 Nxg3 22. fxg3 Rxf1+ 23. Qxf1 Rd2 24. Rc1 Qd5 25. Rd1 Qd4+ 26. Kh1 Qe3
27. Rxd2 Qxd2 28. Bc4+ Nxc4 29. Qxc4+ Qd5 30. Qc3 b6 31. Kh2 c4 32. h4 c5 33.
Qe3 a6 34. Qe8+ Kh7 35. h5 Qf5 36. Qe2 b5 37. g4 Qd5 38. Qe8 Qd6+ 39. Kh3 Qf6
40. Qe4+ Kh8 41. Qa8+ Kh7 42. Qe4+ 1/2-1/2

[Event "XIV. DBMM Schach"]
[Site "Dresden"]
[Date "2014.11.21"]
[Round "3.1"]
[White "Seger, Ruediger"]
[Black "Hohlfeld, Wolfgang"]
[Result "1/2-1/2"]
[WhiteElo "2372"]
[BlackElo "2102"]
[Annotator "br"]
[PlyCount "66"]
[EventDate "2014.??.??"]
[EventType "team-swiss"]
[EventRounds "7"]
[EventCountry "GER"]
[Source "FV Schach e.V."]
[SourceDate "2015.07.06"]
[WhiteTeam "Deutsche Post Bonn"]
[BlackTeam "Baubehoerde Hamburg"]
[WhiteTeamCountry "GER"]
[BlackTeamCountry "GER"]

1. e4 c5 2. b3 Nc6 3. Bb2 Nf6 4. e5 Nd5 5. Nf3 e6 6. g3 Be7 7. Bg2 O-O 8. O-O
d6 9. exd6 Qxd6 10. Na3 Bf6 11. Nc4 Qc7 12. Bxf6 Nxf6 13. Re1 b6 14. a4 Bb7 15.
a5 Rad8 16. axb6 axb6 17. d3 b5 18. Nce5 Ra8 19. Nxc6 Bxc6 20. Ne5 Bxg2 21.
Kxg2 Rxa1 22. Qxa1 Qb7+ 23. Kg1 Nd5 24. Ng4 h5 25. Ne3 Nxe3 26. Rxe3 Ra8 27.
Qd1 Ra2 28. Re1 g6 29. h4 Qd5 30. Qb1 Qa8 31. Qd1 Qd5 32. Qb1 Qa8 33. Qd1 Qd5
1/2-1/2

[Event "XIV. DBMM Schach"]
[Site "Dresden"]
[Date "2014.11.21"]
[Round "3.2"]
[White "Hein, Ralf"]
[Black "Stanetzek, Carsten"]
[Result "0-1"]
[WhiteElo "2047"]
[BlackElo "2233"]
[Annotator "br"]
[PlyCount "88"]
[EventDate "2014.??.??"]
[EventType "team-swiss"]
[EventRounds "7"]
[EventCountry "GER"]
[Source "FV Schach e.V."]
[SourceDate "2015.07.06"]
[WhiteTeam "Baubehoerde Hamburg"]
[BlackTeam "Deutsche Post Bonn"]
[WhiteTeamCountry "GER"]
[BlackTeamCountry "GER"]

1. c4 e5 2. Nc3 Nf6 3. g3 Bb4 4. Bg2 O-O 5. e4 Nc6 6. Nge2 d6 7. O-O a6 8. d3
Bc5 9. h3 Rb8 10. g4 b5 11. Ng3 Nd4 12. b3 c6 13. Kh2 Re8 14. f4 exf4 15. Bxf4
Nd7 16. Nce2 Ne5 17. Nxd4 Bxd4 18. Rc1 Ng6 19. Qd2 b4 20. Bg5 Bc3 21. Qf2 f6
22. Be3 Ne5 23. Qe2 c5 24. Rf2 a5 25. Rcf1 Be6 26. Nh5 a4 27. Bh6 gxh6 28.
Nxf6+ Kh8 29. Qe3 Nf7 30. Nxe8 Qxe8 31. Qc1 axb3 32. axb3 Ra8 33. Qc2 Bd4 34.
Re2 Ra3 35. Kh1 Qe7 36. Ree1 Kg7 37. Qd1 Ra2 38. Qf3 Ne5 39. Qg3 Qg5 40. Rd1 h5
41. Rf5 Bxf5 42. exf5 hxg4 43. Rf1 Kf6 44. hxg4 h5 0-1

[Event "XIV. DBMM Schach"]
[Site "Dresden"]
[Date "2014.11.21"]
[Round "3.1"]
[White "Klotzsche, Thomas"]
[Black "Schmidt, Harald"]
[Result "0-1"]
[WhiteElo "1929"]
[BlackElo "2364"]
[Annotator "br"]
[PlyCount "104"]
[EventDate "2014.??.??"]
[EventType "team-swiss"]
[EventRounds "7"]
[EventCountry "GER"]
[Source "FV Schach e.V."]
[SourceDate "2015.07.06"]
[WhiteTeam "Deutsche Bahn/BSW Berlin II"]
[BlackTeam "Transit Hamburg"]
[WhiteTeamCountry "GER"]
[BlackTeamCountry "GER"]

1. e4 d6 2. d4 Nf6 3. Nc3 c6 4. Be2 Qa5 5. Bf3 e5 6. Nge2 Be7 7. O-O O-O 8. h3
Re8 9. a3 Nbd7 10. Ng3 Nf8 11. Be3 Qc7 12. Qd2 Ng6 13. Be2 d5 14. exd5 Bd6 15.
Nge4 Nxe4 16. Nxe4 exd4 17. Nxd6 Qxd6 18. Qxd4 cxd5 19. Rad1 Bf5 20. c4 Be4 21.
Bd3 Qe5 22. Qxe5 Nxe5 23. Bxe4 dxe4 24. b3 Nd3 25. f3 f5 26. fxe4 fxe4 27. Rf5
h6 28. Rdf1 Re7 29. Rd5 a6 30. Rff5 Rc8 31. Kf1 Rce8 32. Ke2 Kh7 33. Kd2 Ne5
34. Rd4 Ng6 35. Rf2 Rc8 36. Re2 b5 37. Kc3 bxc4 38. Rxc4 Rce8 39. Rc6 Rd7 40.
Rxa6 Rc8+ 41. Kb4 Ne5 42. Bb6 Nd3+ 43. Ka4 Rc3 44. Rxe4 Nb2+ 45. Kb4 Rdd3 46.
Bd4 Rxb3+ 47. Kc5 Rg3 48. Ra7 Rb8 49. Rg4 Rc8+ 50. Kd5 Rd8+ 51. Ke6 Rxg4 52.
Bxb2 Rxg2 0-1

[Event "XIV. DBMM Schach"]
[Site "Dresden"]
[Date "2014.11.21"]
[Round "3.3"]
[White "Fitzke, Ulrich"]
[Black "Ziller, Christian"]
[Result "1/2-1/2"]
[WhiteElo "1898"]
[BlackElo "2071"]
[Annotator "br"]
[PlyCount "134"]
[EventDate "2014.??.??"]
[EventType "team-swiss"]
[EventRounds "7"]
[EventCountry "GER"]
[Source "FV Schach e.V."]
[SourceDate "2015.07.06"]
[WhiteTeam "Deutsche Bahn/BSW Berlin II"]
[BlackTeam "Transit Hamburg"]
[WhiteTeamCountry "GER"]
[BlackTeamCountry "GER"]

1. d4 d6 2. c4 e5 3. dxe5 dxe5 4. Qxd8+ Kxd8 5. Nc3 Be6 6. e4 c6 7. Nf3 f6 8.
Be2 Nd7 9. O-O Kc7 10. Rd1 Nb6 11. b3 Bc5 12. a3 a5 13. Bb2 Nh6 14. h3 Rhd8 15.
Ne1 Rxd1 16. Rxd1 Nf7 17. Nd3 Bd4 18. Nb1 Rd8 19. Bxd4 Rxd4 20. Nc5 $11 Rxd1+
21. Bxd1 Bc8 22. Nc3 g6 23. Kf1 Nd8 24. Ke2 Kd6 25. N3a4 Nxa4 26. Nxa4 Ne6 27.
Ke3 b5 28. cxb5 cxb5 29. Nc3 Bd7 30. b4 axb4 31. axb4 Nd4 32. Nd5 f5 33. Nf6
Be6 34. Nxh7 Nc6 35. exf5 gxf5 36. Be2 Bc4 37. Bxc4 bxc4 38. b5 Nb4 39. Kd2 Kc5
40. b6 Kxb6 41. Kc3 Kc5 42. Nf6 Nd3 43. h4 Nxf2 44. h5 Nd3 45. h6 Nf4 46. Nd7+
Kd6 47. Nf8 Nd5+ 48. Kxc4 Nf6 49. h7 Nxh7 50. Nxh7 Ke6 51. Kd3 Kf7 52. Ke3 Kg6
53. Nf8+ Kg5 54. Kf3 Kf6 55. Nd7+ Ke6 56. Nb6 Kf6 57. Kg3 Kg5 58. Nd5 Kh5 59.
Ne7 Kg5 60. Nc6 e4 61. Nd4 f4+ 62. Kh3 f3 63. g3 Kf6 64. g4 Ke5 65. Nxf3+ $11
exf3 66. Kg3 Ke4 67. Kf2 Kf4 1/2-1/2

[Event "XIV. DBMM Schach"]
[Site "Dresden"]
[Date "2014.11.21"]
[Round "3.4"]
[White "Bohn, Christoph"]
[Black "Kaiser, Horst"]
[Result "1/2-1/2"]
[WhiteElo "1920"]
[BlackElo "1832"]
[Annotator "br"]
[PlyCount "74"]
[EventDate "2014.??.??"]
[EventType "team-swiss"]
[EventRounds "7"]
[EventCountry "GER"]
[Source "FV Schach e.V."]
[SourceDate "2015.07.06"]
[WhiteTeam "Transit Hamburg"]
[BlackTeam "Deutsche Bahn/BSW Berlin II"]
[WhiteTeamCountry "GER"]
[BlackTeamCountry "GER"]

1. c4 e5 2. Nc3 Nc6 3. g3 Nf6 4. Bg2 g6 5. e3 Bg7 6. Nge2 O-O 7. O-O Ne7 8. d4
exd4 9. exd4 d5 10. c5 c6 11. Bg5 h6 12. Bf4 Re8 13. Qd2 Kh7 14. Be5 Ng4 15.
Bxg7 Kxg7 16. Rae1 Bd7 17. Nf4 Qc7 18. Re2 Ng8 19. Rfe1 Rxe2 20. Rxe2 Re8 21.
Rxe8 Bxe8 22. Qe2 N4f6 23. Nd3 Qe7 24. Qe5 Bd7 25. b4 Bf5 26. Qxe7 Nxe7 27. Ne5
Nd7 28. Nxd7 Bxd7 29. a4 a6 30. b5 axb5 31. axb5 Nf5 32. Bh3 Be6 33. Bxf5 Bxf5
34. Kg2 f6 $11 35. Kf3 Kf7 36. b6 h5 37. Ne2 Bg4+ 1/2-1/2

[Event "XIV. DBMM Schach"]
[Site "Dresden"]
[Date "2014.11.21"]
[Round "3.1"]
[White "Dekker, Derk"]
[Black "Schmitzer, Klaus"]
[Result "0-1"]
[WhiteElo "1856"]
[BlackElo "2271"]
[Annotator "br"]
[PlyCount "83"]
[EventDate "2014.??.??"]
[EventType "team-swiss"]
[EventRounds "7"]
[EventCountry "GER"]
[Source "FV Schach e.V."]
[SourceDate "2015.07.06"]
[WhiteTeam "EPA Muenchen"]
[BlackTeam "AGI Frankfurt"]
[WhiteTeamCountry "GER"]
[BlackTeamCountry "GER"]

1. e4 c6 2. d4 d5 3. Nc3 dxe4 4. Nxe4 Nf6 5. Nxf6+ gxf6 6. Bf4 Qb6 7. Rb1 Qa5+
8. c3 Qxa2 9. Nf3 Bf5 10. Bd3 Qe6+ 11. Be3 Bxd3 12. Qxd3 Qg4 13. O-O Rg8 14.
Ne1 Qg6 15. f4 Qxd3 16. Nxd3 f5 17. b4 a6 18. Nc5 b6 19. Nd3 e6 20. Ne5 Bd6 21.
c4 f6 22. Nd3 Bc7 23. Rfe1 Kf7 24. Ra1 Nd7 25. Ra2 Rgb8 26. Rea1 a5 27. c5 bxc5
28. Nxc5 Nxc5 29. bxc5 e5 30. fxe5 fxe5 31. dxe5 Bxe5 32. Rf1 Kg6 33. Bf4 Bd4+
34. Kh1 Rb5 35. Re2 Rxc5 36. Re6+ Kf7 37. Rfe1 Bf6 38. Rd6 Rd8 39. Rde6 Rd7 40.
h3 Rc4 41. Bh6 Bh4 42. R1e3 0-1

[Event "XIV. DBMM Schach"]
[Site "Dresden"]
[Date "2014.11.21"]
[Round "3.2"]
[White "Guth, Thomas"]
[Black "Segerberg, Tomas"]
[Result "1/2-1/2"]
[WhiteElo "2301"]
[BlackElo "2075"]
[Annotator "br"]
[PlyCount "124"]
[EventDate "2014.??.??"]
[EventType "team-swiss"]
[EventRounds "7"]
[EventCountry "GER"]
[Source "FV Schach e.V."]
[SourceDate "2015.07.06"]
[WhiteTeam "AGI Frankfurt"]
[BlackTeam "EPA Muenchen"]
[WhiteTeamCountry "GER"]
[BlackTeamCountry "GER"]

1. e4 e6 2. d4 d5 3. Nc3 Bb4 4. exd5 exd5 5. Bd3 Ne7 6. Qf3 c5 7. dxc5 d4 8. a3
Qa5 9. axb4 Qxa1 10. Nce2 Qa4 11. Nxd4 Qxb4+ 12. c3 Qxc5 13. Nge2 O-O 14. O-O
Nbc6 15. b4 Qd6 16. Bf4 Qf6 17. Nxc6 Nxc6 18. Ng3 Ne5 19. Bxh7+ Kxh7 20. Qh5+
Kg8 21. Bxe5 Qg6 22. Qf3 a5 23. bxa5 Rxa5 24. Bd4 Rb5 25. h3 Bd7 26. Kh2 Bc6
27. Qf4 Qg5 28. Qg4 Qxg4 29. hxg4 f6 30. Re1 Re8 31. Ra1 Rb2 32. Ra5 Kf7 33.
Nf5 Rd8 34. Kg3 Be4 35. Ne3 Rb1 36. g5 Rh1 37. f3 Bc6 38. gxf6 gxf6 39. Rf5 Rd6
40. Ng4 Bd7 41. Rxf6+ Rxf6 42. Nxf6 Bc6 43. Ng4 Bb5 44. Kf4 Rb1 45. Nf2 Be2 46.
Ne4 b5 47. Bc5 Bd3 48. Nd2 Rb2 49. Ke3 Bc2 50. g4 Ra2 51. Kf4 Bd1 52. Ne4 Rb2
53. Kf5 Bc2 54. g5 Rb1 55. g6+ Kg7 56. Bd4+ Kg8 57. Kf6 Bxe4 58. fxe4 b4 59.
cxb4 Rxb4 60. Ke5 Kg7 61. Bc5 Rxe4+ 62. Kxe4 Kxg6 1/2-1/2

[Event "XIV. DBMM Schach"]
[Site "Dresden"]
[Date "2014.11.21"]
[Round "3.3"]
[White "Heer, Stephan"]
[Black "Hoffmann, Frank"]
[Result "1-0"]
[WhiteElo "2134"]
[BlackElo "1468"]
[Annotator "br"]
[PlyCount "45"]
[EventDate "2014.??.??"]
[EventType "team-swiss"]
[EventRounds "7"]
[EventCountry "GER"]
[Source "FV Schach e.V."]
[SourceDate "2015.07.06"]
[WhiteTeam "EPA Muenchen"]
[BlackTeam "AGI Frankfurt"]
[WhiteTeamCountry "GER"]
[BlackTeamCountry "GER"]

1. d4 Nf6 2. c4 g6 3. Nc3 Bg7 4. e4 d6 5. f3 O-O 6. Be3 c6 7. Qd2 Na6 8. Bd3
Nc7 9. Nge2 e5 10. d5 c5 11. g4 Bd7 12. h4 h5 13. Bg5 Qc8 14. gxh5 Nxh5 15. Be7
Ne8 16. Bxf8 Kxf8 17. O-O-O Nef6 18. Rdf1 Qd8 19. Kb1 a6 20. Qg5 Qe8 21. f4 Ng4
22. f5 Bh6 23. Qxg4 1-0

[Event "XIV. DBMM Schach"]
[Site "Dresden"]
[Date "2014.11.21"]
[Round "3.4"]
[White "Büscher, Henrik"]
[Black "Bohnhoff, Peter"]
[Result "0-1"]
[WhiteElo "2112"]
[BlackElo "2060"]
[Annotator "br"]
[PlyCount "60"]
[EventDate "2014.??.??"]
[EventType "team-swiss"]
[EventRounds "7"]
[EventCountry "GER"]
[Source "FV Schach e.V."]
[SourceDate "2015.07.06"]
[WhiteTeam "AGI Frankfurt"]
[BlackTeam "EPA Muenchen"]
[WhiteTeamCountry "GER"]
[BlackTeamCountry "GER"]

1. d4 f5 2. Qd3 d5 3. g4 g6 4. gxf5 Bxf5 5. Qb5+ Nc6 6. c3 Rb8 7. Bg2 Nf6 8.
Nf3 Bg7 9. Bf4 O-O 10. Nbd2 Ne4 11. e3 e6 12. h4 a6 13. Qf1 h6 14. Nxe4 dxe4
15. Nd2 e5 16. dxe5 Nxe5 17. Bxe5 Bxe5 18. Qc4+ Kh7 19. Bxe4 b5 20. Qc5 Bd6 21.
Qd5 b4 22. h5 Qf6 23. hxg6+ Qxg6 24. c4 Rbe8 25. Bxf5 Rxf5 26. Qd3 Be5 27.
O-O-O Rxf2 28. Qd7+ Qf7 29. Qh3 Bg7 30. Rhf1 Qf6 0-1

[Event "XIV. DBMM Schach"]
[Site "Dresden"]
[Date "2014.11.21"]
[Round "3.1"]
[White "Schildt, Rene"]
[Black "Ungerer, Markus"]
[Result "1-0"]
[WhiteElo "2073"]
[BlackElo "2125"]
[Annotator "br"]
[PlyCount "95"]
[EventDate "2014.??.??"]
[EventType "team-swiss"]
[EventRounds "7"]
[EventCountry "GER"]
[Source "FV Schach e.V."]
[SourceDate "2015.07.06"]
[WhiteTeam "BA Tempelhof Berlin"]
[BlackTeam "W&W"]
[WhiteTeamCountry "GER"]
[BlackTeamCountry "GER"]

1. e4 e5 2. f4 exf4 3. Nf3 h6 4. Bc4 d6 5. O-O g5 6. c3 Bg7 7. Qc2 Qe7 8. Nd4
Bxd4+ 9. cxd4 Nf6 10. d3 O-O 11. Qc3 c6 12. Bb3 Be6 13. Bc2 d5 14. b3 Rd8 15.
Ba3 Qd7 16. e5 Ne8 17. h4 Na6 18. Nd2 Nac7 19. hxg5 Nb5 20. Qb2 hxg5 21. Nf3 g4
22. Ng5 f3 23. gxf3 g3 24. Kg2 f6 25. Nxe6 Qxe6 26. Kxg3 fxe5 27. Rae1 Rd7 28.
dxe5 Rg7+ 29. Kf2 Qh3 30. Ke2 Rg2+ 31. Kd1 Qh2 32. Bc5 d4 33. b4 Kg7 34. f4
Nc3+ 35. Kc1 Ne2+ 36. Rxe2 Rxe2 37. Bxd4 Nc7 38. e6+ Kf8 39. f5 Qh3 40. Bc5+
Ke8 41. Qf6 Qxf1+ 42. Bd1 Qf4+ 43. Kb1 Rxe6 44. Bh5+ Kd7 45. Qf7+ Kd8 46. fxe6
Nxe6 47. Qe8+ Kc7 48. Qe7+ 1-0

[Event "XIV. DBMM Schach"]
[Site "Dresden"]
[Date "2014.11.21"]
[Round "3.2"]
[White "Peck, Malcolm"]
[Black "Feikes, Joerg"]
[Result "1-0"]
[WhiteElo "1684"]
[BlackElo "1968"]
[Annotator "br"]
[PlyCount "93"]
[EventDate "2014.??.??"]
[EventType "team-swiss"]
[EventRounds "7"]
[EventCountry "GER"]
[Source "FV Schach e.V."]
[SourceDate "2015.07.06"]
[WhiteTeam "W&W"]
[BlackTeam "BA Tempelhof Berlin"]
[WhiteTeamCountry "GER"]
[BlackTeamCountry "GER"]

1. d4 d5 2. Nf3 Nf6 3. e3 Bf5 4. Bd3 Bg6 5. O-O e6 6. Nbd2 c5 7. Bb5+ Nc6 8.
Ne5 Qb6 9. Bxc6+ bxc6 10. Nxg6 hxg6 11. c3 Bd6 12. h3 cxd4 13. cxd4 O-O 14. Qe2
a5 15. b3 Rfc8 16. Bb2 c5 17. Rab1 cxd4 18. Bxd4 Qc7 19. e4 e5 20. Bb2 d4 21.
Nc4 Bb4 22. Rbc1 Nd7 23. f4 Qa7 24. Kh1 Re8 25. fxe5 Nxe5 26. Qf2 Bc5 27. Nxe5
Rxe5 28. Rxc5 Rxc5 29. Bxd4 Qe7 30. Bxc5 Qxc5 31. Qxf7+ Kh7 32. Qd5 Rc8 33.
Qxc5 Rxc5 34. Re1 Kg8 35. Kg1 Kf7 36. Kf2 Ke6 37. Ke3 a4 38. b4 Rb5 39. a3 Rb7
40. Rc1 g5 41. Rc5 Kf6 42. b5 Rd7 43. Rc6+ Kf7 44. Rc1 Ke6 45. b6 Rb7 46. Rc6+
Kf7 47. Rc7+ 1-0

[Event "XIV. DBMM Schach"]
[Site "Dresden"]
[Date "2014.11.21"]
[Round "3.3"]
[White "Kettenburg, Stefan"]
[Black "Uhlarz, Joerg"]
[Result "1-0"]
[WhiteElo "2063"]
[BlackElo "1743"]
[Annotator "br"]
[PlyCount "89"]
[EventDate "2014.??.??"]
[EventType "team-swiss"]
[EventRounds "7"]
[EventCountry "GER"]
[Source "FV Schach e.V."]
[SourceDate "2015.07.06"]
[WhiteTeam "BA Tempelhof Berlin"]
[BlackTeam "W&W"]
[WhiteTeamCountry "GER"]
[BlackTeamCountry "GER"]

1. d4 f5 2. c4 Nf6 3. Nc3 e6 4. Nf3 Be7 5. Bg5 O-O 6. e3 c6 7. Be2 d5 8. O-O
Nbd7 9. Qc2 Qe8 10. cxd5 Nxd5 11. Bxe7 Qxe7 12. a3 e5 13. Nxd5 cxd5 14. dxe5
Nxe5 15. Rfd1 f4 16. Nxe5 Qxe5 17. Rxd5 Bf5 18. Rxe5 Bxc2 19. Rc1 fxe3 20. Rxc2
exf2+ 21. Kf1 Rad8 22. Bc4+ Kh8 23. Rxf2 Rf6 24. Rxf6 gxf6 25. Re7 b5 26. Bxb5
Rd2 27. b3 Rb2 28. Bc4 a5 29. Ra7 Rb1+ 30. Kf2 Rb2+ 31. Kf3 Rd2 32. Rxa5 Kg7
33. Rd5 Rc2 34. a4 Rc3+ 35. Rd3 Rc1 36. a5 Kf8 37. a6 Ke7 38. Rd5 Ra1 39. Rh5
Kd6 40. Rxh7 Kc5 41. Rf7 Kb4 42. Rxf6 Rf1+ 43. Bxf1 Kxb3 44. Rc6 Kb4 45. a7 1-0

[Event "XIV. DBMM Schach"]
[Site "Dresden"]
[Date "2014.11.21"]
[Round "3.1"]
[White "Schroeder, Kai Uwe"]
[Black "Gebert Vangeel, Ralf"]
[Result "0-1"]
[WhiteElo "1858"]
[BlackElo "2041"]
[Annotator "rgv"]
[PlyCount "52"]
[EventDate "2014.??.??"]
[EventType "team-swiss"]
[EventRounds "7"]
[EventCountry "GER"]
[Source "FV Schach e.V."]
[SourceDate "2015.07.06"]
[WhiteTeam "Transit Hamburg II"]
[BlackTeam "SV OSRAM Berlin"]
[WhiteTeamCountry "GER"]
[BlackTeamCountry "GER"]

1. e4 e5 2. Nf3 Nc6 3. Bb5 Nd4 4. Nxd4 exd4 5. d3 c6 6. Bc4 d5 7. exd5 cxd5 8.
Bb5+ Bd7 9. Bxd7+ Qxd7 10. O-O Bc5 11. c3 Ne7 12. b4 Bb6 13. Bb2 O-O 14. a3
dxc3 15. Nxc3 Qf5 16. Na4 Bc7 17. Rc1 Bd6 18. Nc5 b6 19. Nb3 Rac8 20. Qe2 Ng6
21. g3 Rce8 22. Qd1 Qh3 23. Kh1 Nh4 24. Rg1 Re1 25. Qxe1 Nf3 26. Rg2 Nxe1 0-1

[Event "XIV. DBMM Schach"]
[Site "Dresden"]
[Date "2014.11.21"]
[Round "3.2"]
[White "Eisermann, Daniel"]
[Black "Figger, Udo"]
[Result "1-0"]
[WhiteElo "1928"]
[BlackElo "1906"]
[Annotator "de"]
[PlyCount "111"]
[EventDate "2014.??.??"]
[EventType "team-swiss"]
[EventRounds "7"]
[EventCountry "GER"]
[Source "FV Schach e.V."]
[SourceDate "2015.07.06"]
[WhiteTeam "SV OSRAM Berlin"]
[BlackTeam "Transit Hamburg II"]
[WhiteTeamCountry "GER"]
[BlackTeamCountry "GER"]

1. e4 a6 2. d4 b5 3. Nf3 Bb7 4. Bd3 e6 5. O-O c5 6. c3 Nc6 7. a3 Nf6 8. e5 c4
9. Bc2 Nd5 10. Bg5 f6 11. Bh4 Be7 12. Bg3 f5 13. h3 h5 14. Qe2 f4 15. Bg6+ Kf8
16. Bh2 Bg5 17. Nbd2 Nce7 18. Bc2 Nf5 19. Ne4 Bh6 20. Nc5 Bc8 21. Bxf5 exf5 22.
a4 Nc7 23. axb5 axb5 24. Rxa8 Nxa8 25. Nd2 g6 26. Qf3 Nc7 27. Bxf4 g5 28. Bh2
f4 29. Qe4 d6 30. exd6 Qxd6 31. Re1 Kf7 32. Nf3 Kf6 33. Ne5 Bf5 34. Qe2 Qd5 35.
Ned7+ Bxd7 36. Qe7+ Kg6 37. Nxd7 Re8 38. Qf6+ Kh7 39. Rxe8 Nxe8 40. Qe7+ Bg7
41. Qxe8 Qf5 42. Qxh5+ Kg8 43. Qe8+ Kh7 44. Bxf4 Qxf4 45. Qe3 Qf5 46. Nc5 Qb1+
47. Kh2 Qxb2 48. Qe4+ Kh8 49. Qe8+ Kh7 50. Ne4 b4 51. Nxg5+ Kh6 52. Nf7+ Kh7
53. Ng5+ Kh6 54. Ne4 bxc3 55. Qe6+ Kh7 56. Ng5+ 1-0

[Event "XIV. DBMM Schach"]
[Site "Dresden"]
[Date "2014.11.21"]
[Round "3.3"]
[White "Basteck, Reiner"]
[Black "Mayer, Herbert"]
[Result "1/2-1/2"]
[WhiteElo "1659"]
[BlackElo "1970"]
[Annotator "hm"]
[PlyCount "64"]
[EventDate "2014.??.??"]
[EventType "team-swiss"]
[EventRounds "7"]
[EventCountry "GER"]
[Source "FV Schach e.V."]
[SourceDate "2015.07.06"]
[WhiteTeam "Transit Hamburg II"]
[BlackTeam "SV OSRAM Berlin"]
[WhiteTeamCountry "GER"]
[BlackTeamCountry "GER"]

1. d4 Nf6 2. c4 g6 3. Nc3 d5 4. cxd5 Nxd5 5. Bd2 Bg7 6. e4 Nxc3 7. Bxc3 O-O 8.
Nf3 Bg4 9. Be2 c5 10. d5 Bxc3+ 11. bxc3 Qa5 12. Qb3 Nd7 13. O-O Rab8 14. a4
Rfc8 15. c4 Qc7 16. Qe3 Bxf3 17. Bxf3 Ne5 18. Be2 f6 19. f4 Nf7 20. Bg4 Rf8 21.
Be6 Kg7 22. Bxf7 Rxf7 23. e5 f5 24. e6 Rf6 25. Qe5 Qd6 26. Rab1 b6 27. Qxd6
exd6 28. a5 Rb7 29. axb6 axb6 30. Rb5 Rf8 31. Ra1 Kf6 32. Kf2 h6 1/2-1/2

[Event "XIV. DBMM Schach"]
[Site "Dresden"]
[Date "2014.11.21"]
[Round "3.4"]
[White "Mueller, Gerd"]
[Black "Rulfs, Ernst August"]
[Result "1-0"]
[WhiteElo "1847"]
[BlackElo "1598"]
[Annotator "gm"]
[PlyCount "39"]
[EventDate "2014.??.??"]
[EventType "team-swiss"]
[EventRounds "7"]
[EventCountry "GER"]
[Source "FV Schach e.V."]
[SourceDate "2015.07.06"]
[WhiteTeam "SV OSRAM Berlin"]
[BlackTeam "Transit Hamburg II"]
[WhiteTeamCountry "GER"]
[BlackTeamCountry "GER"]

1. e4 e6 2. d4 d5 3. exd5 exd5 4. Bd3 Bd6 5. Ne2 Ne7 6. Nd2 c5 7. dxc5 Bxc5 8.
Nb3 Qb6 9. Nxc5 Qxc5 10. O-O O-O 11. Be3 Qd6 12. Ng3 f5 13. f4 Nbc6 14. c3 Rb8
15. a4 a5 16. Qd2 Kh8 17. Qf2 Bd7 18. Rfe1 Na7 19. Bxa7 Ra8 20. Bc5 1-0

[Event "XIV. DBMM Schach"]
[Site "Dresden"]
[Date "2014.11.21"]
[Round "3.1"]
[White "Safyanowsky, Mark"]
[Black "Raum, Norbert"]
[Result "1/2-1/2"]
[WhiteElo "2248"]
[BlackElo "1816"]
[Annotator "br"]
[PlyCount "48"]
[EventDate "2014.??.??"]
[EventType "team-swiss"]
[EventRounds "7"]
[EventCountry "GER"]
[Source "FV Schach e.V."]
[SourceDate "2015.07.06"]
[WhiteTeam "SV OSRAM Augsburg"]
[BlackTeam "Baubehoerde Hamburg II"]
[WhiteTeamCountry "GER"]
[BlackTeamCountry "GER"]

1. Nf3 Nf6 2. c4 b6 3. g3 Bb7 4. Bg2 e6 5. O-O Be7 6. d4 d6 7. Nc3 Nbd7 8. Qc2
a6 9. Rd1 Qc8 10. e4 e5 11. Bh3 Qb8 12. Nd5 Bxd5 13. cxd5 O-O 14. b3 Re8 15.
Bb2 Bf8 16. Rac1 Ra7 17. Re1 g6 18. Qb1 h5 19. Qa1 Ng4 20. dxe5 Ndxe5 21. Bxg4
Nxg4 22. h3 Nh6 23. Kg2 Qc8 24. Nd4 Qd7 1/2-1/2

[Event "XIV. DBMM Schach"]
[Site "Dresden"]
[Date "2014.11.21"]
[Round "3.2"]
[White "Hoffeins, Hans Werner"]
[Black "Tokarev, Igor"]
[Result "0-1"]
[WhiteElo "1791"]
[BlackElo "2001"]
[Annotator "br"]
[PlyCount "44"]
[EventDate "2014.??.??"]
[EventType "team-swiss"]
[EventRounds "7"]
[EventCountry "GER"]
[Source "FV Schach e.V."]
[SourceDate "2015.07.06"]
[WhiteTeam "Baubehoerde Hamburg II"]
[BlackTeam "SV OSRAM Augsburg"]
[WhiteTeamCountry "GER"]
[BlackTeamCountry "GER"]

1. e4 e5 2. Nf3 Nc6 3. d3 Nf6 4. Be2 g6 5. O-O Bg7 6. c3 O-O 7. Nbd2 d6 8. Re1
Nh5 9. Nf1 Nf4 10. Ne3 Nxe2+ 11. Qxe2 f5 12. exf5 gxf5 13. Nc2 f4 14. Rd1 Bg4
15. Nce1 Qe7 16. b4 Rae8 17. b5 Nd8 18. a4 Kh8 19. Ba3 Bf6 20. Rdc1 Qg7 21. Qf1
Rg8 22. Kh1 d5 0-1

[Event "XIV. DBMM Schach"]
[Site "Dresden"]
[Date "2014.11.21"]
[Round "3.3"]
[White "Kolb, Wolfgang"]
[Black "Hartmann, Jens"]
[Result "1-0"]
[WhiteElo "2067"]
[BlackElo "1788"]
[Annotator "br"]
[PlyCount "65"]
[EventDate "2014.??.??"]
[EventType "team-swiss"]
[EventRounds "7"]
[EventCountry "GER"]
[Source "FV Schach e.V."]
[SourceDate "2015.07.06"]
[WhiteTeam "SV OSRAM Augsburg"]
[BlackTeam "Baubehoerde Hamburg II"]
[WhiteTeamCountry "GER"]
[BlackTeamCountry "GER"]

1. c4 e5 2. Nc3 b6 3. Nf3 d6 4. g3 Bb7 5. Bg2 Nf6 6. O-O Be7 7. e3 c5 8. d4
exd4 9. exd4 O-O 10. d5 h6 11. Nh4 Bc8 12. Qc2 Nbd7 13. Nf5 Ne5 14. Nxe7+ Qxe7
15. b3 Re8 16. Bd2 Bg4 17. f4 Ng6 18. f5 Ne5 19. h3 Bh5 20. Rae1 Qd7 21. g4
Nexg4 22. Rxe8+ Rxe8 23. hxg4 Bxg4 24. Kh2 h5 25. Bh3 Qd8 26. Qd3 Nh7 27. Bxg4
hxg4 28. Kg3 Nf6 29. Re1 Rxe1 30. Bxe1 Qe7 31. Qe2 Qxe2 32. Nxe2 a6 33. Bc3 1-0